| 000 | 00690 a2200241 4500 | ||
|---|---|---|---|
| 001 | 200002413 | ||
| 999 |
_c200002413 _d29513 |
||
| 003 | TR-AnTOB | ||
| 005 | 20230824120620.0 | ||
| 008 | 101112b2010 tu 000 0 | ||
| 020 | _a9789944606417 | ||
| 040 | _aTOBBETÜ | ||
| 041 | _atur | ||
| 050 | 1 | 4 |
_aDF951.T45 _bY395 |
| 090 | _aDF951.T45 Y395 2010 | ||
| 100 |
_aYazıcı, Osman Olcay _971551 |
||
| 245 | 1 | 0 |
_aSuyun iki yakası / _cOsman Olcay Yazıcı. |
| 264 | 1 |
_aİstanbul : _bİstanbul Ticaret Odası, _c2010. |
|
| 300 |
_a240 s. ; _bres. ; _c32 cm. |
||
| 651 | 0 |
_aSelanik (Yunanistan) _xTarih _y20. yüzyıl _971553 |
|
| 651 | 0 |
_aThessalonikē (Greece) _xHistory _y20th century _971552 |
|
| 942 | _cBK | ||